[Event "2BLS 1718 SC Boeblingen - SC Heusenstam"]
[Site "?"]
[Date "2018.02.25"]
[Round "10.1"]
[White "Sadzikowski, Daniel"]
[Black "Gaehwiler, Gabriel"]
[Result "1-0"]
[WhiteElo "2584"]
[BlackElo "2429"]
[PlyCount "79"]
[EventDate "2018.??.??"]

1. c4 Nf6 2. Nc3 e6 3. e4 d5 4. cxd5 exd5 5. e5 Ne4 6. Nf3 Bf5 7. d3 Nxc3 8.
bxc3 c5 9. d4 Nc6 10. Bd3 Qd7 11. O-O cxd4 12. Bxf5 Qxf5 13. Nxd4 Nxd4 14. cxd4
Be7 15. Qb3 Qd7 16. Rb1 b6 17. f4 f5 18. Ba3 Bxa3 19. Qxa3 Kf7 20. Rfe1 Rhe8
21. Rbc1 Kg8 22. Re3 Rac8 23. Rec3 Rc4 24. Rxc4 dxc4 25. Rxc4 Rd8 26. Qb3 Kh8
27. a4 h6 28. h3 Qd5 29. Qc2 a5 30. Kh2 Qd7 31. Qc3 Kh7 32. Qd3 Kh8 33. Qc2 Kg8
34. Kg3 g5 35. fxg5 hxg5 36. Kh2 g4 37. Rc7 Qe6 38. Rc6 Qf7 39. Rf6 Qh5 40.
Rxf5 1-0

[Event "2BLS 1718 SC Boeblingen - SC Heusenstam"]
[Site "?"]
[Date "2018.02.25"]
[Round "10.2"]
[White "Kuklin, Valentin"]
[Black "Wieczorek, Oskar"]
[Result "1/2-1/2"]
[WhiteElo "2370"]
[BlackElo "2468"]
[PlyCount "34"]
[EventDate "2018.??.??"]

1. e4 c5 2. Nc3 e6 3. g3 d5 4. exd5 exd5 5. Bg2 Nf6 6. Nge2 d4 7. Ne4 Nxe4 8.
Bxe4 g6 9. c4 Bg7 10. d3 O-O 11. O-O Nc6 12. Nf4 Ne5 13. Qb3 Re8 14. Nd5 Bh3
15. Bg2 Bf5 16. Be4 Bh3 17. Bg2 Bf5 1/2-1/2

[Event "2BLS 1718 SC Boeblingen - SC Heusenstam"]
[Site "?"]
[Date "2018.02.25"]
[Round "10.3"]
[White "Klekowski, Maciej"]
[Black "Ortmann, David"]
[Result "1-0"]
[WhiteElo "2495"]
[BlackElo "2303"]
[PlyCount "57"]
[EventDate "2018.??.??"]

1. e4 e6 2. d4 d5 3. Nd2 Nf6 4. e5 Nfd7 5. Bd3 c5 6. c3 Nc6 7. Ne2 cxd4 8. cxd4
f6 9. exf6 Nxf6 10. O-O Bd6 11. Nf3 Qc7 12. Bg5 O-O 13. Rc1 h6 14. Bh4 Nh5 15.
Bg6 Rxf3 16. Bxh5 Bxh2+ 17. Kh1 Rf8 18. g3 g5 19. Kxh2 gxh4 20. Rc3 e5 21. dxe5
Qxe5 22. Nf4 Rxf4 23. gxf4 Qxf4+ 24. Kh1 d4 25. Rf3 Qd6 26. Rg1+ Kh8 27. Rg6
Qd5 28. Rxh6+ Kg7 29. Qg1+ 1-0

[Event "2BLS 1718 SC Boeblingen - SC Heusenstam"]
[Site "?"]
[Date "2018.02.25"]
[Round "10.4"]
[White "Tran, Thanh Kien"]
[Black "Weichhold, Pawel"]
[Result "0-1"]
[WhiteElo "2226"]
[BlackElo "2419"]
[PlyCount "52"]
[EventDate "2018.??.??"]

1. d4 Nf6 2. c4 g6 3. Nc3 Bg7 4. e4 d6 5. Nf3 O-O 6. Be2 c5 7. d5 e5 8. O-O Ne8
9. Ne1 Nd7 10. Nd3 f5 11. exf5 gxf5 12. f4 e4 13. Nf2 Bd4 14. Kh1 a6 15. g4 e3
16. Nh3 Ndf6 17. gxf5 Bxf5 18. Ng5 Ng7 19. Bd3 Qd7 20. Ne2 Rae8 21. Bxf5 Nxf5
22. Qd3 Ng4 23. Ne4 Qe7 24. Rg1 Qh4 25. Rg2 Kh8 26. N2g3 Nxg3+ 0-1

[Event "2BLS 1718 SC Boeblingen - SC Heusenstam"]
[Site "?"]
[Date "2018.02.25"]
[Round "10.5"]
[White "Barski, Radoslaw"]
[Black "Schuh, Karsten"]
[Result "1-0"]
[WhiteElo "2429"]
[BlackElo "2205"]
[PlyCount "41"]
[EventDate "2018.??.??"]

1. e4 c5 2. Nf3 Nc6 3. d4 cxd4 4. Nxd4 Qc7 5. Nc3 e6 6. Be3 Nf6 7. a3 a6 8. f4
d6 9. Qf3 Bd7 10. O-O-O Be7 11. g4 Nxd4 12. Rxd4 Bc6 13. g5 Nd7 14. h4 f5 15.
Qh3 fxe4 16. Qxe6 Nc5 17. Qg4 Bd7 18. Qg2 Bf5 19. Bc4 b5 20. Bd5 Rc8 21. Kb1
1-0

[Event "2BLS 1718 SC Boeblingen - SC Heusenstam"]
[Site "?"]
[Date "2018.02.25"]
[Round "10.6"]
[White "Bauer, Peter"]
[Black "Klundt, Klaus"]
[Result "0-1"]
[WhiteElo "2210"]
[BlackElo "2319"]
[PlyCount "64"]
[EventDate "2018.??.??"]

1. e4 c5 2. Nf3 e6 3. d4 cxd4 4. Nxd4 Nc6 5. Nc3 Qc7 6. Be3 a6 7. Qf3 Nf6 8.
O-O-O Be7 9. Be2 O-O 10. g4 b5 11. g5 Ne8 12. Rhg1 Bb7 13. Qh5 b4 14. Na4 Rc8
15. Bd3 Nxd4 16. Bxd4 Bxe4 17. Bxe4 Qf4+ 18. Be3 Qxe4 19. Qe2 d5 20. Rd4 Qf5
21. h4 Nd6 22. Kb1 Nb5 23. Rf4 Qe5 24. Qd3 Rc6 25. Rf3 d4 26. Bf4 Qd5 27. Re1
Rfc8 28. Re5 Qd8 29. Re2 Bd6 30. Bxd6 Qxd6 31. Qe4 Qc7 32. h5 d3 0-1

[Event "2BLS 1718 SC Boeblingen - SC Heusenstam"]
[Site "?"]
[Date "2018.02.25"]
[Round "10.7"]
[White "Solonar, Stefan"]
[Black "Bathray, Johannes"]
[Result "1/2-1/2"]
[WhiteElo "2313"]
[BlackElo "2151"]
[PlyCount "94"]
[EventDate "2018.??.??"]

1. c4 Nf6 2. Nc3 c5 3. Nf3 Nc6 4. d4 cxd4 5. Nxd4 g6 6. e4 d6 7. f3 Bg7 8. Be3
O-O 9. Be2 Nxd4 10. Bxd4 Bd7 11. O-O a5 12. b3 Bc6 13. Qd2 Nd7 14. Be3 Nc5 15.
Rab1 Qb6 16. Rfc1 Rfc8 17. Rc2 Qb4 18. Qc1 Qb6 19. a3 Qd8 20. b4 axb4 21. axb4
Ne6 22. Qd2 Ra3 23. Kh1 Rca8 24. Nd5 Ra1 25. Rxa1 Rxa1+ 26. Bd1 Kf8 27. Ra2
Rxa2 28. Qxa2 Bd4 29. Qd2 Bxe3 30. Qxe3 Kg7 31. f4 Bxd5 32. exd5 Nc7 33. h3 b5
34. Bb3 bxc4 35. Bxc4 Qd7 36. Qa7 Qc8 37. Qb6 h5 38. Qc6 Qb8 39. b5 Na8 40. Bd3
Qa7 41. Qc3+ Kg8 42. f5 Qe3 43. fxg6 fxg6 44. Qc8+ Kg7 45. Qxa8 Qc1+ 46. Kh2
Qf4+ 47. Kg1 Qe3+ 1/2-1/2

[Event "2BLS 1718 SC Boeblingen - SC Heusenstam"]
[Site "?"]
[Date "2018.02.25"]
[Round "10.8"]
[White "Schwab, Matthias"]
[Black "Voropaev, Gleb"]
[Result "1/2-1/2"]
[WhiteElo "2144"]
[BlackElo "2278"]
[PlyCount "82"]
[EventDate "2018.??.??"]

1. c4 g6 2. Nc3 Bg7 3. d4 Nf6 4. e4 d6 5. Nf3 O-O 6. Be2 e5 7. d5 a5 8. Bg5 h6
9. Bh4 Na6 10. Nd2 Bd7 11. O-O Qc8 12. b3 Nh5 13. Bxh5 gxh5 14. a3 Kh7 15. Kh1
f6 16. f3 Qe8 17. Rg1 f5 18. exf5 Bxf5 19. Nde4 Qg6 20. Ra2 b6 21. Re2 Nc5 22.
b4 axb4 23. axb4 Nxe4 24. Nxe4 Ra3 25. Qb1 Rfa8 26. Rc1 Kh8 27. Qc2 R3a4 28.
Qc3 Ra2 29. Qe1 Bxe4 30. fxe4 Qg4 31. Rf2 Kh7 32. Rxa2 Rxa2 33. Qg3 Qxe4 34.
Rf1 Rb2 35. h3 Rb1 36. Rxb1 Qxb1+ 37. Kh2 Qf5 38. Bd8 Qd7 39. Qd3+ Kg8 40. Bh4
Qf7 41. Qf3 Qe8 1/2-1/2

[Event "2BLS 1718 TSV Schoenaich - SV Griesheim"]
[Site "?"]
[Date "2018.02.25"]
[Round "10.1"]
[White "Georgiadis, Nicolas"]
[Black "Martinovic, Sasa"]
[Result "1/2-1/2"]
[WhiteElo "2534"]
[BlackElo "2604"]
[PlyCount "26"]
[EventDate "2018.??.??"]

1. e4 e6 2. d4 d5 3. Nc3 Nf6 4. Bg5 dxe4 5. Nxe4 Be7 6. Bxf6 gxf6 7. Qd2 c5 8.
Nxc5 Bxc5 9. dxc5 Qxd2+ 10. Kxd2 Ke7 11. c3 Rd8+ 12. Kc2 a5 13. Nf3 Bd7 1/2-1/2

[Event "2BLS 1718 TSV Schoenaich - SV Griesheim"]
[Site "?"]
[Date "2018.02.25"]
[Round "10.2"]
[White "Saric, Ante"]
[Black "Grabarczyk, Miroslaw"]
[Result "1/2-1/2"]
[WhiteElo "2544"]
[BlackElo "2407"]
[PlyCount "103"]
[EventDate "2018.??.??"]

1. c4 e6 2. g3 d5 3. Bg2 Nf6 4. Nf3 Be7 5. d4 O-O 6. O-O dxc4 7. Qc2 a6 8. a4
Bd7 9. Rd1 Bc6 10. Nc3 Bxf3 11. Bxf3 Nc6 12. Bxc6 bxc6 13. Bg5 Rb8 14. Rab1 h6
15. Bxf6 Bxf6 16. e3 Be7 17. Ne4 Qd5 18. Nd2 Rb4 19. Rdc1 c5 20. dxc5 Qxc5 21.
Nxc4 Bf6 22. b3 Rd8 23. Nd2 Qe5 24. Nc4 Qc5 25. Rd1 Rbb8 26. Rxd8+ Rxd8 27. Rd1
Rd5 28. Rd2 g6 29. h4 h5 30. Kf1 Kg7 31. Ke2 Qb4 32. Rd3 Qc5 33. Qd2 Kg8 34.
Qd1 Kg7 35. Qc2 Kg8 36. Rd2 Kg7 37. Rd1 Kg8 38. Rd3 Kg7 39. Qd1 Kg8 40. Qd2 Kg7
41. e4 Rxd3 42. Qxd3 Ba1 43. Kf1 Kf8 44. Qd8+ Kg7 45. Qd2 Bd4 46. Kg2 Kf8 47.
f3 Ke8 48. Qd3 Ba1 49. Nd2 Qc3 50. Qxc3 Bxc3 51. Nc4 Kd7 52. Kf2 1/2-1/2

[Event "2BLS 1718 TSV Schoenaich - SV Griesheim"]
[Site "?"]
[Date "2018.02.25"]
[Round "10.3"]
[White "Tazbir, Marcin"]
[Black "Hirneise, Tobias"]
[Result "1-0"]
[WhiteElo "2524"]
[BlackElo "2461"]
[PlyCount "95"]
[EventDate "2018.??.??"]

1. Nf3 d5 2. g3 c5 3. Bg2 Nc6 4. O-O e6 5. c4 dxc4 6. Na3 Nf6 7. Nxc4 Be7 8. b3
O-O 9. Bb2 Qc7 10. Nfe5 Bd7 11. Nxd7 Qxd7 12. d3 Rac8 13. Qd2 b6 14. Rac1 Rfd8
15. Rfd1 h6 16. Ne5 Nxe5 17. Bxe5 Ng4 18. Bb2 Bf6 19. Rc4 Ne5 20. Rf4 Qe7 21.
Rxf6 gxf6 22. Qxh6 Ng6 23. Bb7 Rc7 24. Be4 e5 25. Bxg6 fxg6 26. Qxg6+ Qg7 27.
Qe4 Qh7 28. Qf3 Rd6 29. Rc1 Qh3 30. Qa8+ Qc8 31. Qe4 Rg7 32. Rc4 Qb7 33. Qf5
Rg5 34. Qh3 Qd7 35. Qg2 Qc6 36. Re4 Rg7 37. Qf3 Qd7 38. Kg2 b5 39. h4 Ra6 40.
a4 Qe6 41. axb5 Rb6 42. Rc4 Rxb5 43. Ba3 Rxb3 44. Bxc5 f5 45. Qa8+ Kh7 46. Be3
Qf7 47. Rc5 Qh5 48. Rc8 1-0

[Event "2BLS 1718 TSV Schoenaich - SV Griesheim"]
[Site "?"]
[Date "2018.02.25"]
[Round "10.4"]
[White "Volke, Karsten"]
[Black "Walter, Stefan"]
[Result "1/2-1/2"]
[WhiteElo "2475"]
[BlackElo "2405"]
[PlyCount "42"]
[EventDate "2018.??.??"]

1. d4 d5 2. c4 e6 3. Nc3 Be7 4. cxd5 exd5 5. Bf4 c6 6. e3 Bd6 7. Bxd6 Qxd6 8.
Bd3 Ne7 9. Qf3 b6 10. Nge2 Ba6 11. Bc2 Bxe2 12. Qxe2 Nd7 13. O-O-O O-O 14. Kb1
Rfe8 15. f3 b5 16. e4 Nb6 17. e5 Qb4 18. Qd3 Ng6 19. Ne2 Nc4 20. Qc3 Qxc3 21.
Nxc3 Nh4 1/2-1/2

[Event "2BLS 1718 TSV Schoenaich - SV Griesheim"]
[Site "?"]
[Date "2018.02.25"]
[Round "10.5"]
[White "Baskin, Robert"]
[Black "Hirneise, Jens"]
[Result "1/2-1/2"]
[WhiteElo "2329"]
[BlackElo "2386"]
[PlyCount "41"]
[EventDate "2018.??.??"]

1. e4 c5 2. Nf3 d6 3. d4 cxd4 4. Nxd4 Nf6 5. Nc3 Bd7 6. Bg5 e6 7. Ndb5 Bxb5 8.
Bxb5+ Nc6 9. Qf3 Be7 10. O-O-O O-O 11. Bxc6 bxc6 12. e5 Nd5 13. Bxe7 Qxe7 14.
exd6 Qxd6 15. Ne4 Qc7 16. c4 Ne7 17. Qg3 Qa5 18. a3 Nf5 19. Qc3 Qc7 20. g3 e5
21. Rhe1 1/2-1/2

[Event "2BLS 1718 TSV Schoenaich - SV Griesheim"]
[Site "?"]
[Date "2018.02.25"]
[Round "10.6"]
[White "Menezes, Christoph"]
[Black "Spitzl, Vinzent"]
[Result "1-0"]
[WhiteElo "2385"]
[BlackElo "2248"]
[PlyCount "79"]
[EventDate "2018.??.??"]

1. d4 d5 2. c4 e6 3. Nf3 Nf6 4. Nc3 Bb4 5. Bg5 h6 6. Bxf6 Qxf6 7. Qb3 Bxc3+ 8.
Qxc3 c6 9. e3 Nd7 10. cxd5 exd5 11. Bd3 O-O 12. O-O c5 13. b3 b6 14. Rac1 a6
15. dxc5 Qxc3 16. Rxc3 Nxc5 17. Rfc1 a5 18. Nd4 Ba6 19. Bxa6 Rxa6 20. Nc6 Re8
21. Rd1 Ne4 22. Rc2 Nf6 23. Nd4 a4 24. b4 a3 25. Rc6 Rb8 26. f3 Ra4 27. Rc3 Kf8
28. Nc2 Rd8 29. Rdd3 d4 30. Nxd4 Ke8 31. Nc2 Nd5 32. Rc4 Ne7 33. Rxd8+ Kxd8 34.
Rc3 Kd7 35. Rxa3 Rxa3 36. Nxa3 Nd5 37. Nc2 Kc6 38. a4 Nc3 39. Nd4+ Kd5 40. a5
1-0

[Event "2BLS 1718 TSV Schoenaich - SV Griesheim"]
[Site "?"]
[Date "2018.02.25"]
[Round "10.7"]
[White "Koehler, Ronald"]
[Black "Reck, Moritz"]
[Result "1/2-1/2"]
[WhiteElo "2277"]
[BlackElo "2138"]
[PlyCount "24"]
[EventDate "2018.??.??"]

1. d4 g6 2. c4 Bg7 3. e4 d6 4. Nc3 e5 5. Nge2 Nc6 6. Be3 f5 7. exf5 Bxf5 8. h3
exd4 9. Nxd4 Nxd4 10. Bxd4 Bxd4 11. Qxd4 Qf6 12. O-O-O Qxd4 1/2-1/2

[Event "2BLS 1718 TSV Schoenaich - SV Griesheim"]
[Site "?"]
[Date "2018.02.25"]
[Round "10.8"]
[White "Kuebler, Marcus"]
[Black "de Visser, Leon"]
[Result "0-1"]
[WhiteElo "1988"]
[BlackElo "2237"]
[PlyCount "82"]
[EventDate "2018.??.??"]

1. e4 c6 2. d4 d5 3. Nc3 dxe4 4. Nxe4 Bf5 5. Ng3 Bg6 6. Nf3 e6 7. h4 h6 8. h5
Bh7 9. Bd3 Bxd3 10. Qxd3 Nf6 11. O-O Be7 12. Re1 O-O 13. c3 Nbd7 14. Bf4 a5 15.
Rad1 a4 16. Qe2 Nd5 17. Bc1 a3 18. c4 axb2 19. Qxb2 N5f6 20. Qxb7 Qc8 21. Qb3
Qa6 22. Re2 Rfb8 23. Qd3 Rb4 24. Ne5 Ra4 25. Rdd2 Nxe5 26. dxe5 Rxc4 27. exf6
Rxc1+ 28. Kh2 Bxf6 29. Qf3 Rc3 30. Qg4 Rd3 31. Rc2 Rd5 32. Ne4 Bd4 33. Ng3 Qb5
34. Qf3 Be5 35. Rxe5 Rxe5 36. Rxc6 Qd5 37. Qc3 Rd8 38. Rc7 Qd4 39. Qf3 Qh4+ 40.
Kg1 Re1+ 41. Nf1 Rxf1+ 0-1